Indian Reservations in the United States - Statistics

General Stats
  • This quiz has been taken 298 times
  • The average score is 3 of 11
Answer Stats
Location Population Reservation % Correct
Arizona, New Mexico & Utah 173,667 {Navajo} Nation
99%
Oklahoma 48,000 {Choctaw} Nation
51%
Oklahoma 47,472 {Osage} Reservation
36%
Washington 31,272 {Yakama} Nation Reservation
19%
Wyoming 26,490 {Wind} {River} Reservation
17%
Montana 28,359 {Flathead} Reservation
12%
Wisconsin 22,776 {Oneida} Reservation
12%
Utah 24,369 {Uintah} and {Ouray} Reservation
11%
Washington 46,816 {Puyallup} Reservation
8%
Michigan 26,274 {Isabella} Reservation
6%
California 24,781 {Agua} {Caliente} Indian Reservation
3%
No matching quizzes found
Score Distribution
Percent of People with Each Score
Percentile by Number Answered
Your Score History
You have not taken this quiz